[Event "Bundesliga 0102"]
[Site "Deutschland"]
[Date "2001.10.07"]
[Round "2.6"]
[White "Hodgson, Julian M"]
[Black "Breder, Dennis"]
[Result "1/2-1/2"]
[WhiteElo "2581"]
[BlackElo "2411"]
[PlyCount "69"]
[EventDate "2001.10.06"]
[EventType "team"]
[EventRounds "15"]
[EventCountry "GER"]
[SourceTitle "Bundesliga 0102"]
[Source "DeepChess"]
[SourceDate "2005.01.01"]
[SourceVersion "1"]
[SourceVersionDate "2005.01.01"]
[SourceQuality "1"]
[WhiteTeam "Luebecker SV von 1873 "]
[BlackTeam "Godesberger SK 1929"]
[WhiteTeamCountry "GER"]
[BlackTeamCountry "GER"]

1. d4 e6 2. Nf3 c5 3. e3 Nf6 4. b3 b6 5. Bb2 Bb7 6. a3 Be7 7. Bd3 O-O 8. O-O d6
9. Nbd2 Nbd7 10. Rc1 Rc8 11. c4 Rc7 12. Qe2 Qa8 13. Bb1 Rd8 14. b4 a6 15. Rfd1
Rcc8 16. Qd3 Nf8 17. Qb3 N8d7 18. Qd3 Nf8 19. Ba2 N8d7 20. h3 Bc6 21. Bb1 Nf8
22. e4 cxd4 23. Bxd4 b5 24. Bb6 Re8 25. c5 dxc5 26. Bxc5 Bxc5 27. Rxc5 Rcd8 28.
Qe2 Nxe4 29. Nxe4 Rxd1+ 30. Qxd1 Bxe4 31. Bxe4 Qxe4 32. Qd6 Ra8 33. Qc7 h6 34.
Qc6 Qxc6 35. Rxc6 1/2-1/2

[Event "Bundesliga 0102"]
[Site "Deutschland"]
[Date "2001.10.07"]
[Round "2.8"]
[White "Hansen, Lars Bo"]
[Black "Seger, Ruediger"]
[Result "1-0"]
[WhiteElo "2586"]
[BlackElo "2400"]
[PlyCount "81"]
[EventDate "2001.10.06"]
[EventType "team"]
[EventRounds "15"]
[EventCountry "GER"]
[SourceTitle "Bundesliga 0102"]
[Source "DeepChess"]
[SourceDate "2005.01.01"]
[SourceVersion "1"]
[SourceVersionDate "2005.01.01"]
[SourceQuality "1"]
[WhiteTeam "Luebecker SV von 1873 "]
[BlackTeam "Godesberger SK 1929"]
[WhiteTeamCountry "GER"]
[BlackTeamCountry "GER"]

1. d4 Nf6 2. Nf3 g6 3. Nc3 d5 4. Bf4 Bg7 5. e3 O-O 6. Be2 Bg4 7. Ne5 Bxe2 8.
Qxe2 Nbd7 9. h4 c5 10. O-O-O cxd4 11. exd4 e6 12. g4 Rc8 13. Rd3 Nxe5 14. Bxe5
Rc4 15. h5 Qe7 16. hxg6 fxg6 17. Re3 Rc6 18. Kb1 Rfc8 19. f3 a6 20. Re1 Kf7 21.
Qh2 Kg8 22. Qh3 Qd7 23. Qh4 Qf7 24. Ne2 Nd7 25. Bxg7 Qxg7 26. g5 Qf7 27. Qg4
Nf8 28. c3 Rd6 29. Nf4 Re8 30. Nd3 Nd7 31. Ka1 a5 32. Qg3 Rc6 33. Nf4 a4 34. a3
Nb6 35. Qg4 Qf5 36. Qxf5 gxf5 37. Nxe6 Nc4 38. R3e2 Nd6 39. Nf4 Rxe2 40. Rxe2
Nf7 41. Nxd5 1-0

[Event "Bundesliga 0102"]
[Site "Deutschland"]
[Date "2001.10.07"]
[Round "2.1"]
[White "Lutz, Christopher"]
[Black "Dorfman, Josif D"]
[Result "1/2-1/2"]
[WhiteElo "2643"]
[BlackElo "2602"]
[PlyCount "40"]
[EventDate "2001.10.06"]
[EventType "team"]
[EventRounds "15"]
[EventCountry "GER"]
[SourceTitle "Bundesliga 0102"]
[Source "DeepChess"]
[SourceDate "2005.01.01"]
[SourceVersion "1"]
[SourceVersionDate "2005.01.01"]
[SourceQuality "1"]
[WhiteTeam "SG Porz e.V."]
[BlackTeam "Hamburger SK 1830 e.V."]
[WhiteTeamCountry "GER"]
[BlackTeamCountry "GER"]

1. e4 c6 2. d4 d5 3. Nd2 dxe4 4. Nxe4 Bf5 5. Ng3 Bg6 6. h4 h6 7. Nf3 Nf6 8. Ne5
Bh7 9. Bd3 Bxd3 10. Qxd3 e6 11. Bd2 Nbd7 12. f4 Be7 13. O-O-O c5 14. Bc3 O-O
15. Qf3 cxd4 16. Bxd4 Nxe5 17. Bxe5 Qb6 18. Ne4 Rfd8 19. Bxf6 Bxf6 20. Nxf6+
gxf6 1/2-1/2

[Event "Bundesliga 0102"]
[Site "Deutschland"]
[Date "2001.10.07"]
[Round "2.3"]
[White "Van Wely, Loek"]
[Black "Ftacnik, Lubomir"]
[Result "1/2-1/2"]
[WhiteElo "2695"]
[BlackElo "2580"]
[PlyCount "56"]
[EventDate "2001.10.06"]
[EventType "team"]
[EventRounds "15"]
[EventCountry "GER"]
[SourceTitle "Bundesliga 0102"]
[Source "DeepChess"]
[SourceDate "2005.01.01"]
[SourceVersion "1"]
[SourceVersionDate "2005.01.01"]
[SourceQuality "1"]
[WhiteTeam "SG Porz e.V."]
[BlackTeam "Hamburger SK 1830 e.V."]
[WhiteTeamCountry "GER"]
[BlackTeamCountry "GER"]

1. d4 Nf6 2. c4 g6 3. Nc3 d5 4. Nf3 Bg7 5. cxd5 Nxd5 6. e4 Nxc3 7. bxc3 c5 8.
Be3 Qa5 9. Qd2 Nc6 10. Rc1 cxd4 11. cxd4 Qxd2+ 12. Kxd2 O-O 13. d5 Rd8 14. Ke1
Na5 15. Bg5 Bd7 16. Bd3 Rdc8 17. Ke2 e6 18. Be3 exd5 19. exd5 b5 20. Nd2 a6 21.
Ne4 Bf5 22. f3 Be5 23. g4 Bxe4 24. Bxe4 Rxc1 25. Bxc1 Nc4 26. h4 a5 27. Bg5 Re8
28. Kd3 Nb2+ 1/2-1/2

[Event "Bundesliga 0102"]
[Site "Deutschland"]
[Date "2001.10.07"]
[Round "2.7"]
[White "Hansen, Curt"]
[Black "Heinemann, Thies"]
[Result "1-0"]
[WhiteElo "2626"]
[BlackElo "2465"]
[PlyCount "69"]
[EventDate "2001.10.06"]
[EventType "team"]
[EventRounds "15"]
[EventCountry "GER"]
[SourceTitle "Bundesliga 0102"]
[Source "DeepChess"]
[SourceDate "2005.01.01"]
[SourceVersion "1"]
[SourceVersionDate "2005.01.01"]
[SourceQuality "1"]
[WhiteTeam "SG Porz e.V."]
[BlackTeam "Hamburger SK 1830 e.V."]
[WhiteTeamCountry "GER"]
[BlackTeamCountry "GER"]

1. d4 Nf6 2. Nf3 c5 3. d5 b5 4. Bg5 Qb6 5. c3 Ne4 6. Bh4 e6 7. a4 Bb7 8. dxe6
fxe6 9. axb5 a6 10. e3 axb5 11. Rxa8 Bxa8 12. Ne5 h5 13. Be2 g5 14. Bxh5+ Kd8
15. Nf7+ Kc8 16. Nxh8 gxh4 17. Ng6 Qd8 18. Bf3 h3 19. g3 Qf6 20. Nxf8 Qxf8 21.
Nd2 d5 22. Nxe4 dxe4 23. Bg4 Kc7 24. O-O Nd7 25. f4 exf3 26. Bxf3 Ne5 27. Be4
Qe8 28. Qc2 Kb6 29. b4 Bc6 30. bxc5+ Kxc5 31. Qd1 Qd7 32. Qd4+ Qxd4 33. cxd4+
Kb6 34. Bxc6 Nxc6 35. Kf2 1-0

[Event "Bundesliga 0102"]
[Site "Deutschland"]
[Date "2001.10.07"]
[Round "2.8"]
[White "Reeh, Oliver"]
[Black "Graf, Alexander"]
[Result "0-1"]
[WhiteElo "2416"]
[BlackElo "2610"]
[PlyCount "94"]
[EventDate "2001.10.06"]
[EventType "team"]
[EventRounds "15"]
[EventCountry "GER"]
[SourceTitle "Bundesliga 0102"]
[Source "DeepChess"]
[SourceDate "2005.01.01"]
[SourceVersion "1"]
[SourceVersionDate "2005.01.01"]
[SourceQuality "1"]
[WhiteTeam "Hamburger SK 1830 e.V."]
[BlackTeam "SG Porz e.V."]
[WhiteTeamCountry "GER"]
[BlackTeamCountry "GER"]

1. e4 e5 2. Nf3 Nc6 3. Bb5 a6 4. Ba4 Nf6 5. O-O Be7 6. Re1 b5 7. Bb3 d6 8. a4
b4 9. a5 O-O 10. c3 Bb7 11. d4 bxc3 12. bxc3 exd4 13. cxd4 d5 14. e5 Ne4 15.
Ba3 Nb4 16. Bc2 c5 17. Bxb4 cxb4 18. Nbd2 Nc3 19. Qc1 Rc8 20. Qb2 Qd7 21. Nb3
Rc7 22. Bd3 Rfc8 23. Nc5 Bxc5 24. dxc5 Qg4 25. Qd2 Rxc5 26. h3 Qd7 27. e6 fxe6
28. Bxh7+ Kxh7 29. Ng5+ Kg8 30. Qd3 R5c6 31. Qh7+ Kf8 32. Qh8+ Ke7 33. Qxg7+
Kd8 34. Nf7+ Kc7 35. Qg3+ Rd6 36. Ne5 Qe7 37. Qf4 d4 38. Nc4 Rf8 39. Qe5 Bd5
40. Nxd6 Qxd6 41. Qxd4 Rg8 42. g4 Kb7 43. Rab1 Nxb1 44. Rxb1 Ka8 45. Qxb4 Qf4
46. Qb6 Qc4 47. Qe3 Rh8 0-1

[Event "Bundesliga 0102"]
[Site "Deutschland"]
[Date "2001.10.07"]
[Round "2.1"]
[White "Hracek, Zbynek"]
[Black "Hickl, Joerg"]
[Result "1-0"]
[WhiteElo "2610"]
[BlackElo "2600"]
[PlyCount "134"]
[EventDate "2001.10.06"]
[EventType "team"]
[EventRounds "15"]
[EventCountry "GER"]
[SourceTitle "Bundesliga 0102"]
[Source "DeepChess"]
[SourceDate "2005.01.01"]
[SourceVersion "1"]
[SourceVersionDate "2005.01.01"]
[SourceQuality "1"]
[WhiteTeam "SAbt SV Werder Bremen"]
[BlackTeam "Stuttgarter SF 1879"]
[WhiteTeamCountry "GER"]
[BlackTeamCountry "GER"]

1. e4 g6 2. d4 Bg7 3. Nf3 d6 4. Be2 Nf6 5. Nc3 O-O 6. O-O c5 7. d5 Na6 8. Bf4
Nc7 9. a4 b6 10. Re1 Bb7 11. Bc4 a6 12. Qd3 Qd7 13. h3 Rad8 14. Rad1 Qc8 15.
Qe3 Rfe8 16. Rd2 Qd7 17. Bf1 Qc8 18. Red1 Ba8 19. Bh6 Qb7 20. Bxg7 Kxg7 21. e5
Nd7 22. Qf4 dxe5 23. Nxe5 Nf6 24. Nc6 Rd7 25. Ne5 Rdd8 26. Be2 b5 27. Bf3 Qb6
28. g4 Rf8 29. axb5 axb5 30. g5 Ng8 31. Qe3 h6 32. b4 Na6 33. Nd3 Rc8 34. Rb1
hxg5 35. bxc5 Qa5 36. Qd4+ Nf6 37. Rxb5 Qd8 38. Ne5 Rh8 39. Bg2 Rh4 40. Qe3 Nc7
41. Rb3 Ncxd5 42. Nxd5 Nxd5 43. Bxd5 Bxd5 44. Rbd3 Qh8 45. Rxd5 Rxh3 46. Qe4
Qh5 47. R2d3 Rh8 48. Rxh3 Qxh3 49. Rd3 Qh2+ 50. Kf1 Rh4 51. Ng4 Qb8 52. Qe5+
Qxe5 53. Nxe5 f6 54. Nc6 Rc4 55. Nxe7 Rxc5 56. c3 Kf7 57. Nd5 Ke6 58. Ne3 f5
59. Ke2 g4 60. c4 Ra5 61. Rd5 Ra8 62. c5 Ra6 63. Rd3 Rc6 64. Rc3 Kd7 65. Nd5
Re6+ 66. Kd3 Kc6 67. Nb4+ Kc7 1-0

[Event "Bundesliga 0102"]
[Site "Deutschland"]
[Date "2001.10.07"]
[Round "2.2"]
[White "Gabriel, Christian"]
[Black "Babula, Vlastimil"]
[Result "0-1"]
[WhiteElo "2545"]
[BlackElo "2566"]
[PlyCount "70"]
[EventDate "2001.10.06"]
[EventType "team"]
[EventRounds "15"]
[EventCountry "GER"]
[SourceTitle "Bundesliga 0102"]
[Source "DeepChess"]
[SourceDate "2005.01.01"]
[SourceVersion "1"]
[SourceVersionDate "2005.01.01"]
[SourceQuality "1"]
[WhiteTeam "Stuttgarter SF 1879"]
[BlackTeam "SAbt SV Werder Bremen"]
[WhiteTeamCountry "GER"]
[BlackTeamCountry "GER"]

1. d4 d5 2. c4 c6 3. Nf3 Nf6 4. Qb3 g6 5. cxd5 cxd5 6. Nc3 Nc6 7. Bg5 Na5 8.
Qd1 Bg7 9. e3 O-O 10. Bd3 a6 11. O-O b5 12. Qe1 Bb7 13. a4 b4 14. Bxf6 Bxf6 15.
Na2 b3 16. Nc1 Qb6 17. Nd2 e5 18. dxe5 Bxe5 19. Rb1 Bc6 20. Nf3 Bf6 21. Ne2 Nc4
22. Nfd4 Bxa4 23. Qc3 Rfc8 24. Rfc1 Bd7 25. Qxb3 Qxb3 26. Nxb3 Nxb2 27. Rxc8+
Bxc8 28. Bc2 Nc4 29. Rd1 a5 30. Nf4 a4 31. Nxd5 axb3 32. Bxb3 Nb2 33. Nxf6+ Kg7
34. Ne8+ Kf8 35. Nc7 Ra3 0-1

[Event "Bundesliga 0102"]
[Site "Deutschland"]
[Date "2001.10.07"]
[Round "2.3"]
[White "Schandorff, Lars"]
[Black "Bunzmann, Dimitrij"]
[Result "1-0"]
[WhiteElo "2551"]
[BlackElo "2509"]
[PlyCount "111"]
[EventDate "2001.10.06"]
[EventType "team"]
[EventRounds "15"]
[EventCountry "GER"]
[SourceTitle "Bundesliga 0102"]
[Source "DeepChess"]
[SourceDate "2005.01.01"]
[SourceVersion "1"]
[SourceVersionDate "2005.01.01"]
[SourceQuality "1"]
[WhiteTeam "SAbt SV Werder Bremen"]
[BlackTeam "Stuttgarter SF 1879"]
[WhiteTeamCountry "GER"]
[BlackTeamCountry "GER"]

1. d4 e6 2. c4 Bb4+ 3. Bd2 a5 4. Nf3 d6 5. g3 Nc6 6. Bg2 e5 7. dxe5 dxe5 8. O-O
Nge7 9. Bc3 Qxd1 10. Rxd1 f6 11. a3 Bxc3 12. Nxc3 Be6 13. Nb5 Rc8 14. Rac1 O-O
15. Ne1 Rfd8 16. Rxd8+ Nxd8 17. Nd3 c6 18. Nd6 Rc7 19. Nc5 b6 20. Nxe6 Nxe6 21.
Bh3 Nd4 22. Kf1 Nb3 23. Rd1 Kf8 24. e3 Ra7 25. f4 exf4 26. gxf4 a4 27. Ne4 Ke8
28. Nd6+ Kf8 29. Ne4 Ke8 30. Ke2 Ra5 31. Bd7+ Kf7 32. Bg4 Ke8 33. Bd7+ Kf7 34.
Bg4 Ke8 35. Nd6+ Kf8 36. Nc8 Nxc8 37. Rd8+ Kf7 38. Rxc8 Rc5 39. Rc7+ Kg6 40.
Be6 Na5 41. Kd3 f5 42. Kd4 h6 43. Bg8 Kf6 44. Rf7+ Kg6 45. Rc7 Kf6 46. h4 Kg6
47. Bf7+ Kf6 48. Bg8 Kg6 49. Bf7+ Kf6 50. h5 g6 51. hxg6 h5 52. Kd3 h4 53. Be8
Nxc4 54. g7 Nxb2+ 55. Kd2 Rd5+ 56. Ke2 1-0

[Event "Bundesliga 0102"]
[Site "Deutschland"]
[Date "2001.10.07"]
[Round "2.5"]
[White "Pelletier, Yannick"]
[Black "Schmittdiel, Eckhard"]
[Result "1-0"]
[WhiteElo "2531"]
[BlackElo "2490"]
[PlyCount "79"]
[EventDate "2001.10.06"]
[EventType "team"]
[EventRounds "15"]
[EventCountry "GER"]
[SourceTitle "Bundesliga 0102"]
[Source "DeepChess"]
[SourceDate "2005.01.01"]
[SourceVersion "1"]
[SourceVersionDate "2005.01.01"]
[SourceQuality "1"]
[WhiteTeam "SAbt SV Werder Bremen"]
[BlackTeam "Stuttgarter SF 1879"]
[WhiteTeamCountry "GER"]
[BlackTeamCountry "GER"]

1. Nf3 c5 2. c4 Nc6 3. d4 cxd4 4. Nxd4 Qb6 5. Nb3 Nf6 6. Nc3 e6 7. Bg5 Bb4 8.
Bxf6 gxf6 9. Rc1 O-O 10. e3 Ne5 11. a3 Be7 12. c5 Qd8 13. f4 Ng6 14. h4 Re8 15.
h5 Nf8 16. Nb5 f5 17. g4 e5 18. gxf5 exf4 19. Rg1+ Bg5 20. Rc3 d5 21. Nd6 Re5
22. Qd4 Nd7 23. Bb5 Kf8 24. Bxd7 Bf6 25. Qxf4 Bxd7 26. Qh6+ Ke7 27. Nxf7 Qf8
28. Qxf8+ Rxf8 29. Nxe5 Bxe5 30. Nd4 Bxf5 31. Rg5 Bf6 32. Nxf5+ Kd7 33. Rg7+
Bxg7 34. Nxg7 Rf7 35. h6 Rf6 36. Rd3 Kc6 37. b4 a5 38. Nh5 Rxh6 39. Nf4 axb4
40. axb4 1-0

[Event "Bundesliga 0102"]
[Site "Deutschland"]
[Date "2001.10.07"]
[Round "2.6"]
[White "Duppel, Matthias"]
[Black "Knaak, Rainer"]
[Result "1/2-1/2"]
[WhiteElo "2455"]
[BlackElo "2494"]
[PlyCount "119"]
[EventDate "2001.10.06"]
[EventType "team"]
[EventRounds "15"]
[EventCountry "GER"]
[SourceTitle "Bundesliga 0102"]
[Source "DeepChess"]
[SourceDate "2005.01.01"]
[SourceVersion "1"]
[SourceVersionDate "2005.01.01"]
[SourceQuality "1"]
[WhiteTeam "Stuttgarter SF 1879"]
[BlackTeam "SAbt SV Werder Bremen"]
[WhiteTeamCountry "GER"]
[BlackTeamCountry "GER"]

1. d4 e6 2. c4 d5 3. Nc3 c6 4. cxd5 exd5 5. Qc2 Na6 6. Bf4 Bd6 7. Bxd6 Qxd6 8.
e3 Nb4 9. Qd2 Bf5 10. Rc1 a5 11. a3 Na6 12. Nge2 Ne7 13. Ng3 Bg6 14. Na4 b5 15.
Nc5 Nxc5 16. Rxc5 O-O 17. Be2 a4 18. O-O f5 19. f4 Be8 20. Qc1 Bd7 21. Nh1 Nc8
22. Nf2 Nb6 23. Nd3 Nc4 24. Ne5 Na5 25. Qe1 Nb7 26. Rc2 Na5 27. Kh1 Nc4 28. Bd3
Be6 29. h3 c5 30. g4 Qe7 31. Rg1 Nxe5 32. dxe5 c4 33. Bxf5 Bxf5 34. gxf5 Rxf5
35. Rcg2 g6 36. Qd2 Qe6 37. Kh2 Rd8 38. Qd4 Rh5 39. Rg3 Rh4 40. Rg4 Rh5 41.
R4g3 Rh4 42. Rd1 Kh8 43. Qc5 g5 44. Qc7 Re8 45. Rd4 Qf5 46. Rxd5 Qc2+ 47. Rg2
Qf5 48. Rg3 Qc2+ 49. Rg2 Qf5 50. Qd7 Qxd7 51. Rxd7 gxf4 52. exf4 Rxf4 53. Re2
Rf5 54. e6 Rf6 55. Rb7 Rfxe6 56. Rxe6 Rxe6 57. Rxb5 c3 58. bxc3 Re2+ 59. Kg1
Ra2 60. Ra5 1/2-1/2

[Event "Bundesliga 0102"]
[Site "Deutschland"]
[Date "2001.10.07"]
[Round "2.7"]
[White "Joachim, Sven"]
[Black "Volke, Karsten"]
[Result "1-0"]
[WhiteElo "2443"]
[BlackElo "2467"]
[PlyCount "75"]
[EventDate "2001.10.06"]
[EventType "team"]
[EventRounds "15"]
[EventCountry "GER"]
[SourceTitle "Bundesliga 0102"]
[Source "DeepChess"]
[SourceDate "2005.01.01"]
[SourceVersion "1"]
[SourceVersionDate "2005.01.01"]
[SourceQuality "1"]
[WhiteTeam "SAbt SV Werder Bremen"]
[BlackTeam "Stuttgarter SF 1879"]
[WhiteTeamCountry "GER"]
[BlackTeamCountry "GER"]

1. e4 c5 2. Nf3 Nc6 3. d4 cxd4 4. Nxd4 Qc7 5. Nc3 e6 6. Be2 a6 7. O-O Nf6 8.
Kh1 Bb4 9. Bg5 Bxc3 10. Bxf6 gxf6 11. bxc3 Ne7 12. Qd2 d5 13. exd5 Nxd5 14. c4
Nf4 15. Bf3 O-O 16. Ne2 Nxe2 17. Bxe2 Bd7 18. Qh6 Ba4 19. Bd3 f5 20. Rae1 f6
21. Rxe6 Qg7 22. Qxg7+ Kxg7 23. Re7+ Rf7 24. Rxf7+ Kxf7 25. Bxf5 h6 26. Rb1 Bc6
27. f3 Re8 28. Bd3 Re5 29. a3 Ke7 30. Kg1 Kd6 31. Kf2 Kc5 32. Re1 Rh5 33. Re6
Rxh2 34. Rxf6 Kd4 35. Rd6+ Ke5 36. c5 a5 37. Ke3 Rxg2 38. f4# 1-0

[Event "Bundesliga 0102"]
[Site "Deutschland"]
[Date "2001.10.07"]
[Round "2.8"]
[White "Berezovsky, Igor"]
[Black "Meins, Gerlef"]
[Result "1/2-1/2"]
[WhiteElo "2406"]
[BlackElo "2415"]
[PlyCount "73"]
[EventDate "2001.10.06"]
[EventType "team"]
[EventRounds "15"]
[EventCountry "GER"]
[SourceTitle "Bundesliga 0102"]
[Source "DeepChess"]
[SourceDate "2005.01.01"]
[SourceVersion "1"]
[SourceVersionDate "2005.01.01"]
[SourceQuality "1"]
[WhiteTeam "Stuttgarter SF 1879"]
[BlackTeam "SAbt SV Werder Bremen"]
[WhiteTeamCountry "GER"]
[BlackTeamCountry "GER"]

1. d4 d5 2. c4 dxc4 3. e3 Nf6 4. Bxc4 e6 5. Nf3 c5 6. O-O a6 7. dxc5 Qxd1 8.
Rxd1 Bxc5 9. Nbd2 O-O 10. Nb3 Be7 11. Bd2 Nc6 12. Rac1 Rd8 13. Be2 Ne4 14. Be1
Rxd1 15. Rxd1 Kf8 16. Nfd4 Nd8 17. f3 Nf6 18. e4 Bd7 19. Rc1 Rc8 20. Rxc8 Bxc8
21. Kf2 g6 22. Nc2 Nc6 23. Bc3 Nd7 24. Ncd4 Nxd4 25. Bxd4 Bd6 26. g3 Ke7 27.
Nd2 e5 28. Be3 Bc5 29. Nb3 Bxe3+ 30. Kxe3 f6 31. f4 b6 32. a4 a5 33. Bb5 Nc5
34. Nxc5 bxc5 35. Kd3 Kd6 36. h4 h6 37. Bc4 1/2-1/2

[Event "Bundesliga 0102"]
[Site "Deutschland"]
[Date "2001.10.07"]
[Round "2.2"]
[White "Ribli, Zoltan"]
[Black "Pajeken, Wolfgang"]
[Result "1-0"]
[WhiteElo "2564"]
[BlackElo "2339"]
[PlyCount "57"]
[EventDate "2001.10.06"]
[EventType "team"]
[EventRounds "15"]
[EventCountry "GER"]
[SourceTitle "Bundesliga 0102"]
[Source "DeepChess"]
[SourceDate "2005.01.01"]
[SourceVersion "1"]
[SourceVersionDate "2005.01.01"]
[SourceQuality "1"]
[WhiteTeam "TV Tegernsee"]
[BlackTeam "SC Koenigsspringer 1984 Hamburg"]
[WhiteTeamCountry "GER"]
[BlackTeamCountry "GER"]

1. d4 Nf6 2. Nf3 e6 3. c4 c5 4. Nc3 cxd4 5. Nxd4 Bb4 6. g3 Ne4 7. Qd3 Bxc3+ 8.
bxc3 Nc5 9. Qf3 O-O 10. Bg2 d6 11. O-O Nc6 12. Rd1 Ne5 13. Qf4 Nxc4 14. Nb3
Nxb3 15. axb3 Na5 16. Qb4 Nc6 17. Qxd6 Qxd6 18. Rxd6 Rd8 19. Rxd8+ Nxd8 20. Be3
Nc6 21. b4 Bd7 22. b5 Nd8 23. c4 Kf8 24. Rxa7 Rxa7 25. Bxa7 Ke8 26. Bb6 Bc8 27.
f4 f6 28. Bxd8 Kxd8 29. b6 1-0

[Event "Bundesliga 0102"]
[Site "Deutschland"]
[Date "2001.10.07"]
[Round "2.3"]
[White "Hochgraefe, Markus"]
[Black "Sokolov, Andrei"]
[Result "1/2-1/2"]
[WhiteElo "2334"]
[BlackElo "2604"]
[PlyCount "87"]
[EventDate "2001.10.06"]
[EventType "team"]
[EventRounds "15"]
[EventCountry "GER"]
[SourceTitle "Bundesliga 0102"]
[Source "DeepChess"]
[SourceDate "2005.01.01"]
[SourceVersion "1"]
[SourceVersionDate "2005.01.01"]
[SourceQuality "1"]
[WhiteTeam "SC Koenigsspringer 1984 Hamburg"]
[BlackTeam "TV Tegernsee"]
[WhiteTeamCountry "GER"]
[BlackTeamCountry "GER"]

1. Nf3 Nf6 2. c4 e6 3. Nc3 Bb4 4. Qc2 d6 5. a3 Bxc3 6. Qxc3 O-O 7. g3 e5 8. Bg2
a5 9. b3 c5 10. O-O Nc6 11. Re1 Bg4 12. h3 Bf5 13. d3 h6 14. Bb2 Qd7 15. Kh2
Rfe8 16. e4 Be6 17. Ng1 Nd4 18. a4 Nh7 19. Bc1 f5 20. exf5 Bxf5 21. f4 Nf6 22.
Be3 Qf7 23. Bxd4 cxd4 24. Qd2 Qh5 25. Bf3 Qg6 26. Rad1 exf4 27. Qxf4 Bxd3 28.
Qxd4 Bc2 29. Rc1 Be4 30. Rc3 Re5 31. Bxe4 Nxe4 32. Rce3 Rae8 33. Ne2 Ng5 34.
Ng1 Qc2+ 35. Kh1 Qf5 36. g4 Qe6 37. Rxe5 dxe5 38. Qd5 Qxd5+ 39. cxd5 e4 40. Kg2
Re5 41. Rd1 Kf8 42. Ne2 Ke7 43. Nd4 e3 44. Nf5+ 1/2-1/2

[Event "Bundesliga 0102"]
[Site "Deutschland"]
[Date "2001.10.07"]
[Round "2.5"]
[White "Buhr, Carl Christian"]
[Black "Nataf, Igor Alexandre"]
[Result "0-1"]
[WhiteElo "2394"]
[BlackElo "2527"]
[PlyCount "76"]
[EventDate "2001.10.06"]
[EventType "team"]
[EventRounds "15"]
[EventCountry "GER"]
[SourceTitle "Bundesliga 0102"]
[Source "DeepChess"]
[SourceDate "2005.01.01"]
[SourceVersion "1"]
[SourceVersionDate "2005.01.01"]
[SourceQuality "1"]
[WhiteTeam "SC Koenigsspringer 1984 Hamburg"]
[BlackTeam "TV Tegernsee"]
[WhiteTeamCountry "GER"]
[BlackTeamCountry "GER"]

1. d4 Nf6 2. c4 g6 3. Nc3 Bg7 4. e4 d6 5. Nf3 O-O 6. Be2 e5 7. O-O Nc6 8. d5
Ne7 9. b4 Nh5 10. c5 f5 11. Nd2 Nf4 12. f3 Nxe2+ 13. Qxe2 f4 14. Nc4 g5 15. a4
Ng6 16. Ba3 Rf6 17. b5 Bf8 18. b6 axb6 19. cxb6 cxb6 20. Rfb1 Ra6 21. Rb3 h5
22. Rab1 g4 23. Nxb6 gxf3 24. gxf3 Bh3 25. Kh1 Nh4 26. Rg1+ Rg6 27. Rxg6+ Nxg6
28. Nc4 Nh4 29. Rb1 Bg2+ 30. Kg1 Qg5 31. Kf2 Bxf3 32. Qf1 Bg2 33. Qd3 Nf3 34.
Nd2 Nxd2 35. Qxd2 Be7 36. Rxb7 Qg4 37. Rb1 Bh4+ 38. Kg1 Bxe4+ 0-1

[Event "Bundesliga 0102"]
[Site "Deutschland"]
[Date "2001.10.07"]
[Round "2.6"]
[White "Teske, Henrik"]
[Black "Voigt, Martin"]
[Result "1-0"]
[WhiteElo "2486"]
[BlackElo "2300"]
[PlyCount "67"]
[EventDate "2001.10.06"]
[EventType "team"]
[EventRounds "15"]
[EventCountry "GER"]
[SourceTitle "Bundesliga 0102"]
[Source "DeepChess"]
[SourceDate "2005.01.01"]
[SourceVersion "1"]
[SourceVersionDate "2005.01.01"]
[SourceQuality "1"]
[WhiteTeam "TV Tegernsee"]
[BlackTeam "SC Koenigsspringer 1984 Hamburg"]
[WhiteTeamCountry "GER"]
[BlackTeamCountry "GER"]

1. d4 Nf6 2. c4 c5 3. d5 e6 4. Nc3 exd5 5. cxd5 d6 6. e4 g6 7. Bd3 Bg7 8. Nge2
O-O 9. O-O b6 10. Ng3 Ba6 11. Bf4 h5 12. h3 Bxd3 13. Qxd3 a6 14. Rfe1 b5 15.
Rad1 h4 16. Bxd6 hxg3 17. Qxg3 Nh5 18. Qh2 Re8 19. e5 g5 20. e6 fxe6 21. dxe6
Bxc3 22. e7 Qa5 23. bxc3 Qxc3 24. Re5 Nc6 25. Rxg5+ Ng7 26. Rxc5 Qf6 27. Rxc6
Rxe7 28. Bxe7 Qxc6 29. Qg3 Qe6 30. Bc5 Kh7 31. Rd6 Qf5 32. Bd4 Nh5 33. Qe3 Rf8
34. Rh6+ 1-0

[Event "Bundesliga 0102"]
[Site "Deutschland"]
[Date "2001.10.07"]
[Round "2.7"]
[White "Von Buelow, Georg"]
[Black "Stangl, Markus"]
[Result "1/2-1/2"]
[WhiteElo "2298"]
[BlackElo "2457"]
[PlyCount "83"]
[EventDate "2001.10.06"]
[EventType "team"]
[EventRounds "15"]
[EventCountry "GER"]
[SourceTitle "Bundesliga 0102"]
[Source "DeepChess"]
[SourceDate "2005.01.01"]
[SourceVersion "1"]
[SourceVersionDate "2005.01.01"]
[SourceQuality "1"]
[WhiteTeam "SC Koenigsspringer 1984 Hamburg"]
[BlackTeam "TV Tegernsee"]
[WhiteTeamCountry "GER"]
[BlackTeamCountry "GER"]

1. e4 c5 2. Nf3 e6 3. d4 cxd4 4. Nxd4 a6 5. Bd3 Nf6 6. O-O d6 7. c4 Nbd7 8. Nc3
g6 9. Be3 Bg7 10. Rc1 O-O 11. f3 Qc7 12. Qd2 b6 13. Rfd1 Bb7 14. Bf1 Rfd8 15.
Qf2 Rac8 16. b4 Qb8 17. Na4 d5 18. exd5 exd5 19. c5 b5 20. Nb2 Ne5 21. a4 Bc6
22. axb5 Bxb5 23. Bxb5 axb5 24. Nd3 Neg4 25. fxg4 Nxg4 26. Qf4 Qxf4 27. Nxf4
Nxe3 28. Rd3 Bxd4 29. Rxd4 g5 30. Ne2 Nf5 31. Rd3 Ra8 32. Nd4 Nxd4 33. Rxd4 h6
34. c6 Rac8 35. Rc5 Rd6 36. Rxb5 Rcxc6 37. Rdxd5 Rc1+ 38. Kf2 Rc2+ 39. Kf3 Rc3+
40. Kf2 Rc2+ 41. Kf3 Rc3+ 42. Kf2 1/2-1/2